00395nam a2200157Ia 4500008004100000020001800041082001500059100002200074245002000096250000600116260003300122300001700155500002400172650001400196700002700210230524s9999 xx 000 0 und d a9788126553433 a620.1bMUN a"Munson, Okiishi" 0aFluid Mechanics a7 aNew DelhibWiley Indiac2015 a"XVII,714p;" aQuantity Number: 1 aMechanics a" Huebsch , Rothmayer"